000 00537nam a2200181Ia 4500
008 090123s9999 xx 000 0 und d
082 _b2319
_a891.463/नंदा
100 _aनंदा गुलशन
245 _aहिरवा चुडा
250 _a0
260 _bमाधव प्रिंटिंग
300 _a116
600 _aनंदा गुलशन
630 _aहिरवा चुडा
700 _aनंदा गुलशन
730 _aहिरवा चुडा
942 _cBOOK
999 _c40404
_d40404